000 00310nam a22001337a 4500
008 170612b xxu||||| |||| 00| 0 eng d
020 _a9780199278572
041 _aeng
080 _a94(100)
100 _a17
101 _aSHH
245 _aTHE INTERNATIONAL STRUGGLE OVER IRAQ
_cMALONE,D.M
942 _2udc
_cBK
999 _c17035
_d17035